| 000 | 00692nam a2200217Ia 4500 | ||
|---|---|---|---|
| 001 | 9911 | ||
| 003 | GE_BSU | ||
| 008 | 181216s||||||||xx |||||||||||||| ||und|| | ||
| 040 | _cGE_BSU | ||
| 245 | _aРеферативный журнал, №4.2014.биология. | ||
| 245 | _bРаздел 04В.Ботаника .04В1.Ботаника | ||
| 245 | _cГл.ред.РАН.Р.В.ПЕТРОВ | ||
| 260 | _aМосква | ||
| 260 | _bВинити РАН | ||
| 260 | _c2014 | ||
| 300 | _a36стр.30см. | ||
| 653 | _aРаздел 04В.Ботаника .04В1.Ботаника | ||
| 653 | _aРеферативный журнал, | ||
| 653 | _aპერიოდიკა | ||
| 942 | _cCR | ||
| 999 |
_c43189 _d43189 |
||